Statistics for [路線図付き] 東京メトロ 丸ノ内線 駅名穴埋めクイズ

Click here to take the quiz!

General Stats

  • This quiz has been taken 504 times
  • The average score is 22 of 28

Answers on the Map

Answers color-coded by a green-red scale on the quiz's map according to % correct below.
 

Answer Stats

Answer% Correct
丸ノ内線aM08新宿
96%
丸ノ内線bM17東京
95%
丸ノ内線cM25池袋
95%
丸ノ内線aM01荻窪
91%
丸ノ内線bM18大手町
90%
丸ノ内線aM09新宿三丁目
87%
丸ノ内線cM20御茶ノ水
87%
丸ノ内線bM16銀座
86%
丸ノ内線bM12四ツ谷
85%
丸ノ内線aM06中野坂上
84%
丸ノ内線 方南町支線Mb03方南町
82%
丸ノ内線cM22後楽園
82%
丸ノ内線bM13赤坂見附
82%
丸ノ内線bM14国会議事堂前
82%
丸ノ内線cM23茗荷谷
80%
丸ノ内線aM07西新宿
78%
丸ノ内線bM15霞ケ関
76%
丸ノ内線bM10新宿御苑前
75%
丸ノ内線aM02南阿佐ヶ谷
74%
丸ノ内線cM24新大塚
74%
丸ノ内線 方南町支線Mb04中野富士見町
73%
丸ノ内線bM11四谷三丁目
72%
丸ノ内線aM04東高円寺
72%
丸ノ内線aM05新中野
71%
丸ノ内線aM03新高円寺
71%
丸ノ内線cM21本郷三丁目
70%
丸ノ内線cM19淡路町
68%
丸ノ内線 方南町支線Mb05中野新橋
67%

Score Distribution

Percentile by Number Answered

Percent of People with Each Score

Your Score History

You have not taken this quiz